000 00358pam a2200157a 44500
008 230515b1974 xxu||||| |||| 00| 0 eng d
020 _aNULL
041 _aENGLISH
082 _aNULL
100 _aWEINSTEIN.NICHOLAS
245 _aFUNDAMENTALS OF PHYSICS
250 _a1974
260 _aMOSCOW
_bMIR PUBLISHERS
_c1974
300 _a542
650 _aNULL
999 _c661392
_d661392